| 000 | 01055nam a22002417a 4500 | ||
|---|---|---|---|
| 003 | OSt | ||
| 005 | 20250904150507.0 | ||
| 008 | 240424b ||||| |||| 00| 0 eng d | ||
| 040 | _c0 | ||
| 082 | _aDPer 621.317 Ie21 November 2022 v. 37 n. 11 | ||
| 100 |
_aLee, Yoon-Ro. _eauthor. _956579 |
||
| 245 |
_aRealization of signal-injection sensorless control of SMPMSM with saturation-induced saliency by modification of current trajectory / _cYoon-Ro Lee, Yong-Cheol Kwon, and Seung-Ki Sul. |
||
| 260 |
_aNew York ; _bThe Institute of Electrical and Electronics Engineers, Inc. , _cNovember 2022. |
||
| 300 |
_aVolume 37, pages 13277-13287 : _billustration ; _c28 cm. |
||
| 500 | _aIEEE Transactions on Power Electronics, vol. 37, no. 11, pages 13277-13287, November 2022. | ||
| 650 | 0 |
_aDynamic inductance. _967173 |
|
| 650 | 0 |
_aSensorless control. _966253 |
|
| 650 | 0 |
_aTraction motors. _967174 |
|
| 700 |
_aLee, Yoon-Ro. _eauthor. _956579 |
||
| 700 |
_aKwon, Yong-Cheol. _eauthor. _956580 |
||
| 700 |
_aSul, Seung-Ki. _eauthor. _956581 |
||
| 942 |
_2ddc _cPER |
||
| 999 |
_c20140 _d20140 |
||